Statistics for NFL Players by Picture

Click here to take the quiz!

General Stats

  • This quiz has been taken 179 times
  • The average score is 4 of 5

Answer Stats

Answer% Correct
Aaron Rodgers
96%
Travis Kelce
95%
Tua Tagovailoa
89%
Ja'Marr Chase
85%
TJ Watt
82%

Score Distribution

Percentile by Number Answered

Percent of People with Each Score

Your Score History

You have not taken this quiz